000 00874nam a2200265Ia 4500
001 Para_5075
003 CHAP
008 220125s1988 xx 000 0 und d
010 _a203582
040 _cCHAP
082 _aPA 632.95 C66 1988
110 _aMéxico. Dirección General de Sanidad y Protección Agropecuaria y Forestal
_977047
245 _aManual de agroquímicos químico-farmacéuticos, alimenticios y biológicos veterinarios /
_c por Dirección General de Sanidad y Protección Agropecuaria y Forestal
260 _aMéxico, D.F. :
_b La Dirección
300 _av
500 _aLa biblioteca tiene: v. 1 plaguicidas
650 _aPesticidas
_987536
901 _aPA 632.95 C66 1988
902 _aA
905 _a0000001988 WOO 0000000000 00
910 _a1988
942 _cPARA
942 _cPARA
_d1
999 _c203582
_d203582